| 000 | 01646nam a2200337 i 4500 | ||
|---|---|---|---|
| 001 | 000031029 | ||
| 003 | DO-SdBNP | ||
| 005 | 20260202091638.0 | ||
| 007 | ta | ||
| 008 | 110610s1973 dr r 000 0 spa d | ||
| 040 |
_aDO-SdBNP _bspa _cBNPHU _erda |
||
| 041 | _aspa | ||
| 082 | 4 |
_axxx _bxxx _222 |
|
| 245 | 0 | 0 |
_aProblemas dominico-haitianos y del caribe / _cGérard Pierre-Charles ... [et al.]. |
| 264 | 1 |
_aMexico : _bUniversidad Nacional Autónoma de México, _c1973. |
|
| 300 |
_a228 páginas ; _c23 cm. |
||
| 336 |
_atexto _btxt _2rdacontent |
||
| 337 |
_asin mediación _bn _2rdamedia |
||
| 338 |
_avolumen _bnc _2rdacarrier |
||
| 490 | 1 |
_aFacultad de Ciencias Políticas y Sociales _aSerie Estudios _v29 |
|
| 505 | 0 |
_aInterpretación socioeconómica de Haití / _rPierre-Charles, G. -- _tLos "bosales" y el surgimiento de una cultura oprimida en Haití / _rCasimir, J.-- _tAntihaitianismo e ideología del trujillato / _rFranco, F. J.-- _t-El fenómeno racial en Haití y en la República Dominicana / _rTolentino, H. -- _tMir, p. Acerca de las tentativas históricas de unificación de la Isla de Santo Domingo _tPuerto Rico : sociedad colonial en el Caribe / _rMaldonado-Denis, M. |
|
| 590 | _aInventariado, 2026/BT | ||
| 700 | 1 |
_aPierre-Charles, Gérard, _eautor _4aut. _941080 |
|
| 700 | 1 |
_aCasimir, Jean, _eautor _4aut. _988941 |
|
| 700 | 1 |
_aJ. Franco, Franklin, _eautor _4aut. _974306 |
|
| 700 | 1 |
_aTolentino, Hugo, _eautor _4aut. _953875 |
|
| 700 | 1 |
_aMir, Pedro, _eautor _4aut. _987278 |
|
| 700 | 1 |
_aMaldonado-Denis, Manuel, _eautor _4aut. _98036 |
|
| 830 | 0 |
_aFacultad de Ciencias Políticas y Sociales _pEstudios _v29 _957521 |
|
| 942 |
_2ddc _cLBS1 |
||
| 999 |
_c30521 _d30521 |
||